Escultura en Chile: otra mirada para su estudio 2000
Wedi'i Gadw mewn:
| Prif Awdur: | |
|---|---|
| Fformat: | Llyfr |
| Iaith: | Sbaeneg |
| Cyhoeddwyd: |
Santiago
Universidad de Chile
2007
|
| Cyfres: | Teoría, 18
|
| Pynciau: | |
| Tagiau: |
Ychwanegu Tag
Dim Tagiau, Byddwch y cyntaf i dagio'r cofnod hwn!
|
MARC
| LEADER | 00000nam a2200000 a 4500 | ||
|---|---|---|---|
| 001 | UCG1259 | ||
| 003 | CL-VaPUC | ||
| 008 | 100429e20070000CL |||||||||||||||||spa|d | ||
| 020 | |a 9561905672 | ||
| 082 | 0 | 4 | |a 730.983 |b SOL |2 21 |
| 100 | 0 | |a Solanich Sotomayor, Enrique |e author |9 549101 | |
| 245 | 1 | 0 | |a Escultura en Chile: otra mirada para su estudio 2000 |
| 300 | |a 226 p | ||
| 942 | |c BK | ||
| 945 | |d 20100429 00:00:00 |a rbrito | ||
| 260 | |a Santiago |b Universidad de Chile |c 2007 | ||
| 650 | 0 | |a Escultura chilena |9 376592 | |
| 650 | 0 | |a Crítica de arte |9 334590 | |
| 650 | 7 | |a ROMANTICISMO EN LA ESCULTURA |2 CL-VaPUC |9 549102 | |
| 651 | 7 | |a CHILE |2 CL-VaPUC |9 549103 | |
| 583 | |a last modification |c 20100429 00:00:00 |k Rodrigo Vera | ||
| 490 | 0 | |a Teoría, 18 | |
| 999 | |c 340667 |d 340665 | ||
| 952 | |0 0 |1 0 |4 0 |6 730_983000000000000_SOL_2007 |7 0 |8 A |9 435591 |a BIBART |b BIBART |d 2019-11-22 |i 4665295 |o 730.983 SOL 2007 |p 4665295 |r 2025-03-13 |w 2019-11-22 |y BK |k ART | ||